| 000 | 00451 a2200157 4500 | ||
|---|---|---|---|
| 999 |
_c6111 _d6111 |
||
| 020 | _a9780240812731 | ||
| 050 | _aTK7881 AUD 2010 | ||
| 100 |
_aSelf, Douglas _eeditor |
||
| 245 |
_aAudio engineering explained / _cDouglas Self |
||
| 250 | _a1st ed. | ||
| 264 |
_aAmsterdam : _bElsevier, _c2010 |
||
| 300 |
_a639p. : _bill. |
||
| 500 | _aIncludes bibliographical references and index | ||
| 650 | _aEngineering. | ||
| 942 |
_2lcc _cBK _e1st ed. _h7881 _iAUD _kTK |
||